header

The trader's guide to key economic indicators (Record no. 84735)

MARC details
000 -LEADER
fixed length control field 01362nam a2200361 a 4500
082 04 - DEWEY DECIMAL CLASSIFICATION NUMBER
Classification number 330.01/5195
100 1# - MAIN ENTRY--AUTHOR NAME
Personal name Yamarone, Richard.
245 14 - TITLE STATEMENT
Title The trader's guide to key economic indicators
250 ## - EDITION STATEMENT
Edition statement 3rd ed.
260 ## - PUBLICATION, DISTRIBUTION, ETC. (IMPRINT)
Place of publication Hoboken, N.J. :
Name of publisher John Wiley & Sons, Inc.,
Year of publication c2012.
300 ## - PHYSICAL DESCRIPTION
Number of Pages x, 304 p. :
Other physical details ill.
490 1# - SERIES STATEMENT
Series statement Bloomberg financial series
650 #0 - SUBJECT ADDED ENTRY--TOPICAL TERM
Topical Term Economic indicators
Topical Term Investments
856 40 - ELECTRONIC LOCATION AND ACCESS
Uniform Resource Identifier http://site.ebrary.com/lib/rucke/Doc?id=10580228

No items available.

© 2026 Rongo University
Contact us: librarian | system librarian | Rongo university